Normal view
MARC view
- Quasim, Syed R .
Entry Personal Name
001 - CONTROL NUMBER
- control field: 1513
003 - CONTROL NUMBER IDENTIFIER
- control field: OSt
005 - DATE AND TIME OF LATEST TRANSACTION
- control field: 20160926102751.0
008 - FIXED-LENGTH DATA ELEMENTS
- fixed length control field: 160926|| aca||aabn | a|a d
040 ## - CATALOGING SOURCE
- Original cataloging agency: OSt
- Transcribing agency: OSt
100 ## - HEADING--PERSONAL NAME
- Personal name: Quasim, Syed R .
670 ## - SOURCE DATA FOUND
- Source citation: Work cat.: (OSt)6756: Quasim, Syed R ., Waste Water Treatment Plants :Planing Designing and Operation / , 1985.
